| 000 | 004970000a22001810004500 | ||
|---|---|---|---|
| 003 | LK-CoMWRAF | ||
| 005 | 20231211120744.0 | ||
| 008 | 230817t1992 ||||| |||| 00| 0 eng d | ||
| 040 |
_aLK-CoMWRAF _dLK-CoMWRAF _eLK-CoMWRAF |
||
| 041 | _aeng | ||
| 082 |
_a306.74 _bRED |
||
| 245 |
_aRed light traffic : _bthe trade in Nepali girls |
||
| 260 |
_aKathmandu: _bABC/Nepal, _c[1992] |
||
| 300 | _a66 p. ; 22 cm | ||
| 650 | _aPROSTITUTION-Nepal | ||
| 700 |
_aAnnamanthodo, Priscilla _eed. |
||
| 942 | _cBK | ||
| 999 |
_c1422 _d1422 |
||